|
|
|
|
| LEADER |
01002nam a2200277 a 4500 |
| 001 |
550216 |
| 008 |
090708s2002 ii 000 1 eng d |
| 010 |
|
|
|a 88040268
|
| 020 |
|
|
|a 8126901950
|
| 040 |
|
|
|a DLC
|c DLC
|d DLC
|
| 082 |
0 |
0 |
|a 823
|2 19
|
| 100 |
1 |
|
|a Ghosh, Amitav.
|
| 245 |
1 |
4 |
|a The shadow lines :
|b critical essays /
|c Amitav Ghosh, edited by Arvind Chowdhury.
|
| 260 |
|
|
|a New Delhi :
|b Atlantic Publishers and Distributors,
|c 2002
|
| 300 |
|
|
|a xiv, 225 p. ;
|c 22 cm.
|
| 504 |
|
|
|a Includes bibliographic references and index.
|
| 541 |
1 |
|
|e 00014230
|
| 650 |
|
0 |
|a Boys
|x Fiction.
|
| 650 |
|
0 |
|a British
|z India
|x Fiction.
|
| 651 |
|
0 |
|a Calcutta (India)
|x Fiction.
|
| 655 |
|
7 |
|a Political fiction.
|2 lcsh
|
| 655 |
|
7 |
|a Domestic fiction.
|2 lcsh
|
| 700 |
1 |
|
|a Chowdhury,Arvind
|
| 852 |
4 |
|
|a Ayesha Abed Library
|j General shelf
|
| 999 |
|
|
|c 2220
|d 2220
|
| 952 |
|
|
|0 0
|1 0
|2 ddc
|4 0
|6 823_GHO
|7 0
|9 2045
|a BRACUL
|b BRACUL
|c GEN
|d 2009-07-09
|g 700.00
|l 10
|m 42
|o 823 GHO
|p 3010014230
|r 2025-09-16
|s 2025-06-23
|t 1
|w 2009-07-09
|y BK
|